Environmental implications of options in urban mobility

Salvato in:
Dettagli Bibliografici
Natura: Libro
Lingua:Undetermined
Pubblicazione: Organisation for Economic Co-operation and Development 1973
Soggetti:
Tags: Aggiungi Tag
Nessun Tag, puoi essere il primo ad aggiungerne! !
Thư viện lưu trữ: Trung tâm Học liệu Trường Đại học Cần Thơ
LEADER 00453nam a2200145Ia 4500
001 CTU_97462
008 210402s9999 xx 000 0 und d
082 |a 363.7 
082 |b E61 
245 0 |a Environmental implications of options in urban mobility 
260 |b Organisation for Economic Co-operation and Development 
260 |c 1973 
650 |a Environmental protection 
904 |i Giang 
980 |a Trung tâm Học liệu Trường Đại học Cần Thơ